| 000 | 00735 a2200157 4500 | ||
|---|---|---|---|
| 003 | Nust | ||
| 005 | 20170207154031.0 | ||
| 040 | _cNust | ||
| 100 | _aArndt, Jorg | ||
| 245 |
_aAlgorithms for Programmers: Ideas and Source Code(E-BOOK) _cJorg Arndt |
||
| 260 | _c2002 | ||
| 300 | _a219p | ||
| 505 | _a The Fourier transform(Page- 8), Convolutions (Page-36), The Hartley transform (HT) (Page-49), Numbertheoretic transforms (NTTs) (Page-63), Walsh transforms (Page-73), The Haar transform (Page-82), Some bit wizardry (Page-88), Permutations (Page-115), Sorting and searching (Page-140), Selected combinatorical algorithms (Page-152), Arithmetical algorithms (Page-170). | ||
| 650 | _aAlgorithms for Programmers | ||
| 651 | _aE-BOOK | ||
| 942 |
_2ddc _cBK |
||
| 999 |
_c192174 _d192174 |
||